000 00753nam a22002057a 4500
999 _c7354
_d7354
003 AR-CdUCM
008 190320b ||||| |||| 00| 0 spa d
040 _aMUNICIPALIDAD PROVINCIAL DEL CUSCO
_cBIBLIOTECA MUNICIPAL DEL CUSCO
082 _a985 /
_bM84
100 _aMontes Ataucuri, Edmundo W.
_920722
245 _aEtnohistoria y miseláneas de Llusco :
_b"Pueblo Indomable" /
260 _aCusco :
_bValleGrafp,
_c2013
300 _bIlustraciones en color y b/n,
_c21 cm.
505 _at.1: Llusco en la época preincaica-Llusco en el siglo XX -- t.2: Visión geográfica y política del distrito de Llusco
650 _aHistoria
_9246
650 _aEtnohistoria
_92030
650 _aChumbivilcas
_910499
942 _2ddc
_cLIBROS
945 _admma